Senderos de la investigación en el campo dela educación de adultos /
Gardado en:
| Autor Principal: | |
|---|---|
| Formato: | Texto |
| Etiquetas: |
Engadir etiqueta
Sen Etiquetas, Sexa o primeiro en etiquetar este rexistro!
|
MARC
| LEADER | 00000 a a2200000 04500 | ||
|---|---|---|---|
| 001 | 47306 | ||
| 003 | |||
| 040 | |||
| 090 | |a REV1737 14(1)1991 | ||
| 100 | |a Rodríguez, Pedro Gerardo | ||
| 245 | |a Senderos de la investigación en el campo dela educación de adultos / |c Pedro Gerardo Rodríguez | ||
| 500 | |a Colección Alforja | ||
| 773 | |g volumen14, número1, (1991), páginas 77-91 | ||
| 999 | |c 29219 |d 29219 | ||
